书目信息 |
| 题名: |
中华人民共和国行政诉讼法讲话
|
|
| 作者: | ;中华人民共和国司法部宣传司 编审 | |
| 分册: | ||
| 出版信息: | 北京 法律出版社 1990.3 |
|
| 页数: | 111页 | |
| 开本: | 19厘米 | |
| 丛书名: | ||
| 单 册: | ||
| 中图分类: | D925.304 | |
| 科图分类: | 35.2219 | |
| 主题词: | 行政诉讼-诉讼法--中国--干部教育--教材 , 诉讼法-行政诉讼--中国--干部教育--教材 | |
| 电子资源: | ||
| ISBN: | 7-5036-0645-2 | |
| 000 | 01014nam0 2200253 45 | |
| 001 | 0190013095 | |
| 005 | 20070723162254.70 | |
| 010 | @a7-5036-0645-2@dCNY1.85 | |
| 100 | @a19921222d1990 em y0chiy0121 ea | |
| 101 | 0 | @achi |
| 102 | @aCN@b110000 | |
| 105 | @ay z 000yy | |
| 200 | 10 | @a中华人民共和国行政诉讼法讲话@AZHONG HUA REN MIN GONG HE GUO XING ZHENG SU SONG FA JIANG HUA@f中华人民共和国司法部宣传司编审@FZHONG HUA REN MIN GONG HEGUO SI FA BU XUAN CHUAN SI BIAN SHEN |
| 210 | @a北京@c法律出版社@d1990.3 | |
| 215 | @a111页@d19厘米 | |
| 300 | @a全国普法统一干部读本 | |
| 540 | 1 | @a中华人民共和国 行政 诉讼法 讲话@AZHONG HUA REN MIN GONG HE GUO XING ZHENG SU SONG FA JIANG HUA |
| 606 | @a行政诉讼-诉讼法@y中国@x干部教育@x教材 | |
| 606 | @a诉讼法-行政诉讼@y中国@x干部教育@x教材 | |
| 690 | @aD925.304@v三版 | |
| 692 | @a35.2219 | |
| 711 | 02 | @a中华人民共和国司法部宣传司@AZHONG HUA REN MIN GONG HE GUO SI FA BU XUAN CHUAN SI@4编审 |
| 801 | 0 | @aCN@bTSSF@c20070723 |
| 905 | @a10447@dD925.304@e328 | |
| 中华人民共和国行政诉讼法讲话/中华人民共和国司法部宣传司编审.-北京:法律出版社,1990.3 |
| 111页;19厘米 |
| 全国普法统一干部读本 |
| ISBN 7-5036-0645-2:CNY1.85 |
| ● |
| 相关链接 |
|
|
|
|
正题名:中华人民共和国行政诉讼法讲话
索取号:D925.304/328
 
预约/预借
| 序号 | 登录号 | 条形码 | 馆藏地/架位号 | 状态 | 备注 |
| 1 | 0770446 | 207704466 | 第一样本阅览室/ [索取号:D925.304/328] | 在馆 |